Instrucciones a los agentes y tarifas de cuotas / Casa Provincial de Caridad de Barcelona. Igualatorio de Servicios Fúnebres
Descripción Física:
31 p. ; 19 cm
MARC
| LEADER | 00000nam a2200000Ia 4500 | ||
|---|---|---|---|
| 001 | 21439 | ||
| 008 | 160829s1948 xx 000 0 cat d | ||
| 080 | |a FU-40-31 | ||
| 100 | |a Casa de Caritat (Barcelona). Igualatori de Serveis Fúnebres |9 47707 | ||
| 245 | |a Instrucciones a los agentes y tarifas de cuotas / Casa Provincial de Caridad de Barcelona. Igualatorio de Servicios Fúnebres | ||
| 260 | |a Barcelona : |b la Casa, |c 1948 | ||
| 300 | |a 31 p. ; |c 19 cm | ||
| 590 | |a Prové de J-1476 | ||
| 650 | |a Casa de Caritat (Barcelona). Igualatori de Serveis Fúnebres |9 47708 | ||
| 650 | |a Serveis funeraris |x Tarifes |9 47709 | ||
| 856 | 4 | |u https://media.diba.cat/diba/fitxers/arxiu/fulletons/bib_21439_baixa.pdf |y Accés lliure | |
| 856 | 4 | |u https://media.diba.cat/diba/fitxers/arxiu/fulletons/bib_21439_baixa.pdf |y Accés lliure | |
| 901 | |a Arxiu | ||
| 942 | |n 1 | ||
| 952 | |0 0 |1 0 |4 0 |6 FU4031 |7 1 |9 54050 |a Arxiu |b Arxiu |d 2016-12-01 |l 0 |o FU-40-31 |p 21439 |r 2016-12-01 00:00:00 |w 2016-12-01 |y ARXIU | ||
| 999 | |c 57918 |d 57918 | ||